000 00472nam a2200205Ia 4500
005 20250425162802.0
008 250425s9999 xx 000 0 und d
020 _a070124035
041 _aeng
082 _a530.02
100 _aCONDON, E.
245 0 _aHANDBOOK OF PHYSICS
250 _a2ST ED.
260 _aEstados Unidos
_bMCGRAW-HILL
_c1958
260 _aNEW YORK
650 _aMANUAL-FISICA
700 _aODISHAW, HUGH
942 _c01
010 _a108467
999 _c236398
_d236398